Подробности
| 000 -МАРКЕР |
| контрольное поле |
01651nam2a2200301 4500 |
| 001 - ИДЕНТИФИКАТОР ЗАПИСИ |
| контрольное поле |
RU\NLR\BIBL_A\012908253 |
| 005 - ИДЕНТИФИКАТОР ВЕРСИИ |
| контрольное поле |
20250624222146.0 |
| 010 ## - МЕЖДУНАРОДНЫЙ СТАНДАРТНЫЙ НОМЕР КНИГИ (ISBN) |
| Номер (ISBN) |
5-7511-1053-6 |
| Тираж |
1000 |
| 035 ## - ДРУГИЕ СИСТЕМНЫЕ НОМЕРА |
| Идентификатор записи |
(NLR Aleph) 012908253 |
| 100 ## - ДАННЫЕ ОБЩЕЙ ОБРАБОТКИ |
| Данные общей обработки |
20221013d1999 |||y0rusy50 ca |
| 101 0# - ЯЗЫК РЕСУРСА |
| Язык текста, звукозаписи и т.д. |
русский |
| 102 ## - СТРАНА ПУБЛИКАЦИИ ИЛИ ПРОИЗВОДСТВА |
| Страна публикации |
Российская Федерация |
| 105 ## - ПОЛЕ КОДИРОВАННЫХ ДАННЫХ: ТЕКСТОВЫЕ МАТЕРИАЛЫ, МОНОГРАФИЧЕСКИЕ |
| Кодированные данные о монографическом текстовом документе |
y z 001zd |
| 200 0# - ЗАГЛАВИЕ И СВЕДЕНИЯ ОБ ОТВЕТСТВЕННОСТИ |
| Основное заглавие |
Т. 5 |
| Сведения, относящиеся к заглавию |
книга памяти репрессированных томичей |
| Первые сведения об ответственности |
Управление Федеральной службы безопасности России по Томской области |
| 210 ## - ПУБЛИКАЦИЯ, РАСПРОСТРАНЕНИЕ И ДР. |
| Место издания, распространения и т.д. |
Томск |
| Имя издателя, распространителя и т. д. |
Изд-во ТГУ |
| Дата издания, распространения и т.д. |
1999 |
| 215 ## - ФИЗИЧЕСКАЯ ХАРАКТЕРИСТИКА |
| Специфическое обозначение материала и объем |
385 с. |
| 320 ## - ПРИМЕЧАНИЯ О НАЛИЧИИ В ДОКУМЕНТЕ БИБЛИОГРАФИИ / УКАЗАТЕЛЯ |
| Текст примечания |
Имен. указ.: с. 270-379 |
| 320 ## - ПРИМЕЧАНИЯ О НАЛИЧИИ В ДОКУМЕНТЕ БИБЛИОГРАФИИ / УКАЗАТЕЛЯ |
| Текст примечания |
Указ. содерж. 1-5 томов: с. 380-384 |
| 461 #0 - УРОВЕНЬ НАБОРА |
| Встроенное поле |
001rc\35092 |
| -- |
2001#$aБоль людская$eКн. памяти томичей, репрессир. в 30-40-е и начале 50-х годов$e[Пофамильный список граждан]$vТ. 5 |
| Системный номер (АБИС) связанной записи |
7139324 |
| Место публикации |
Томск |
| Дата публикации |
1991 |
| Имя издателя, распространителя и т.д. |
Упр. КГБ СССР по Том. обл. |
| Сведения, относящиеся к заглавию |
Кн. памяти томичей, репрессир. в 30-40-е и начале 50-х годов : [Пофамильный список граждан] |
| Заглавие |
Боль людская |
| Номер тома |
Т. 5 |
| 712 01 - НАИМЕНОВАНИЕ ОРГАНИЗАЦИИ - ВТОРИЧНАЯ ОТВЕТСТВЕННОСТЬ |
| Код отношения |
Прочие |
| Начальный элемент ввода |
Российская Федерация |
| Структурное подразделение |
Федеральная служба безопасности |
| -- |
Управление по Томской области |
| Системный номер авторитетной/нормативной записи |
814432 |
| Идентификатор авторитетной/нормативной записи |
RU\NLR\AUTH\880574142 |
| 852 ## - МЕСТОНАХОЖДЕНИЕ И ШИФР ХРАНЕНИЯ |
| Идентификатор организации |
NLR |
| Наименование фонда или коллекции (Sub-Location Identifier) |
С |
| Шифр хранения (Call Number) |
К-1/5948 |
| 942 ## - ДОПОЛНИТЕЛЬНЫЕ ЭЛЕМЕНТЫ ЗАПИСИ (АБИС) |
| Тип экземпляра АБИС |
Книга |
| 980 ## - КОЛЛЕКЦИЯ |
| Название коллекции |
Национальная библиография |